[Event "IV Niterói Chess Open 2024"]
[Site "Rio de Janeiro"]
[Date "2024.08.31"]
[Round "6"]
[White "Ramos, Angelo Bil"]
[Black "Gomes, Carlos"]
[Result "0-1"]
[WhiteElo "1957"]
[BlackElo "1695"]
[Annotator "Chessbase"]
[PlyCount "142"]
[EventDate "2024.08.28"]
[EventRounds "7"]
[EventCountry "BRA"]

1. d4 Nf6 2. c4 e6 3. Nc3 d5 4. Nf3 Be7 5. Bg5 h6 6. Bh4 Nbd7 7. Qc2 c6 8. e3 O-O 9. h3 ({RR} 9. Be2 b6 10. O-O Bb7 11. Rfd1 Rc8 12. Rac1 a6 13. b3 c5 14. cxd5 Nxd5 15. Bxe7 Qxe7 16. Nxd5 exd5 17. Qf5 Nf6 18. dxc5 bxc5 19. Qe5 Qd8 20. Rc2 Qb6 21. Qf4 Rfe8 22. Ne5 Re7 23. Bf3 Rce8 {1-0 Bu,X (2664)-Grachev,B (2683) Biel MTO op 46th 2013 (11)}) 9... Re8 ({RR} 9... b6 10. g4 Bb7 11. Rg1 c5 12. O-O-O dxc4 13. Ne5 Nxe5 14. dxe5 Nd5 15. Bxe7 Qxe7 16. Bxc4 Nxc3 17. Qxc3 Rfd8 18. Rxd8+ Rxd8 19. Rd1 Rxd1+ 20. Kxd1 Qh4 21. Qd2 g6 22. Ke1 Qxh3 23. Qd8+ Kh7 24. Qe7 {½-½ Wagner,D (2613)-Iskusnyh,S (2440) Chess.com Classic Play-In 2024 (7.68)}) 10. Be2 Nf8 11. Bxf6 $146 ({RR} 11. Ne5 N6d7 12. Bxe7 Qxe7 13. Nf3 b6 14. O-O Bb7 15. Rad1 dxc4 16. Bxc4 c5 17. Rfe1 Bxf3 18. gxf3 cxd4 19. Rxd4 Ne5 20. Be2 Rac8 21. f4 Neg6 22. Qe4 f5 23. Qg2 Red8 24. Red1 Rxd4 25. Rxd4 Rd8 {1-0 Malano,F (1878)-Femia,N (1835) Torino Province-ch 2016 (2)}) 11... Bxf6 12. O-O Bd7 13. Rac1 Rc8 14. b4 b6 15. Qb3 Rc7 16. Rfd1 Qb8 17. a4 a6 18. cxd5 a5 19. bxa5 bxa5 20. Qxb8 Rxb8 21. dxc6 Bxc6 22. Nb5 Bxb5 23. Bxb5 Rbc8 24. Rxc7 Rxc7 25. Nd2 Be7 26. Nb3 Bb4 27. Rc1 Rxc1+ 28. Nxc1 Ng6 29. Kf1 Ne7 30. Ke2 Nd5 31. Kd3 Nb6 32. e4 f6 33. Na2 Be7 34. Bc6 Kf7 35. Nc3 Bb4 36. f3 Bxc3 37. Kxc3 Ke7 38. e5 Kd8 39. g3 Kc7 40. Bb5 Nd5+ 41. Kd2 fxe5 42. dxe5 g5 43. Bc4 Nb6 44. Bb3 Kd7 45. Ke3 Ke7 46. Kd4 Nd7 47. f4 gxf4 48. gxf4 Nf8 49. Bc2 Nd7 50. Be4 Nb6 51. Bc6 Kd8 52. Kc5 Kc7 53. Kb5 Nxa4 54. Kxa4 Kxc6 55. Kxa5 Kd5 56. Kb5 Ke4 57. Kc5 Kxf4 58. Kd4 h5 59. h4 Kf5 60. Ke3 Kxe5 61. Kf3 Kd4 62. Kf4 e5+ 63. Kg5 e4 64. Kxh5 e3 65. Kg6 e2 66. h5 e1=Q 67. h6 Qe4+ 68. Kg7 Qg4+ 69. Kh8 Qd7 70. h7 Kd5 71. Kg8 Ke6 0-1

[Event "IV Niterói Chess Open 2024"]
[Site "Rio de Janeiro"]
[Date "2024.08.30"]
[Round "4"]
[Board "47"]
[White "Vargas, Victor Da Silva"]
[Black "De Souza, Roberto Fabelino"]
[Result "0-1"]
[WhiteElo "1684"]
[BlackElo "1831"]
[Annotator "Chessbase"]
[PlyCount "42"]
[EventDate "2024.08.28"]
[EventRounds "7"]
[EventCountry "BRA"]

1. c4 Nf6 2. g3 g6 3. Bg2 Bg7 4. Nc3 O-O 5. e3 c6 6. Nge2 d5 7. cxd5 cxd5 8. O-O Nc6 9. d4 a6 ({RR} 9... e6 10. Nf4 b6 11. Re1 Ba6 12. Qa4 Bb7 13. Bd2 Rc8 14. Rac1 Qd7 15. Nd3 Na5 16. Qxd7 Nxd7 17. b3 Nc6 18. Nb5 Ba6 19. Nd6 Bxd3 20. Nxc8 Rxc8 21. Rc3 Ba6 22. Rec1 Bb7 23. Bf1 Ndb8 24. b4 {0-1 Abasov,N (2632)-Jones,G (2688) Chess24 Banter Blitz Cup 2019 (3.5)}) 10. Nf4 ({RR} 10. a3 Rb8 11. b4 Be6 12. Bb2 Qd7 13. Rc1 Bh3 14. Nf4 Bxg2 15. Nxg2 Rfe8 16. Qf3 e5 17. Qd1 Qh3 18. f3 Rbd8 19. Rc2 h5 20. Rd2 exd4 21. exd4 Bh6 22. Re2 Rxe2 23. Nxe2 Re8 24. Nef4 Qf5 {0-1 Narvaez Hurtado,M (1513)-Narvaez,F (2056) 17th American Cont Rapid 2024 (1.58)}) 10... e6 11. h4 $146 ({RR} 11. b3 Bd7 12. Ba3 Re8 13. Rc1 b5 14. Bc5 b4 15. Na4 Rb8 16. Qe2 Ne7 17. Qxa6 Bb5 18. Qa7 Nc6 19. Bb6 Rxb6 20. Qxb6 Bxf1 21. Bxf1 Qxb6 22. Nxb6 Ne7 23. Rc7 Rb8 24. Na4 Nc8 25. Nc5 Nd6 {½-½ Mielcuch,K (1158)-Soucek,A (1098) EU Union-ch U10 2020 (6)}) ({RR} 11. b3 b5 12. Nd3 Nd7 13. a4 b4 14. Na2 a5 15. Re1 Ba6 16. Bb2 Rc8 17. Rc1 Qb6 18. Bf1 Ne7 19. Qd2 h5 20. Rxc8 Rxc8 21. Rc1 h4 22. Rxc8+ Nxc8 23. Nc5 Bxf1 24. Nxd7 Qc7 25. Kxf1 Qxd7 {0-1 Palin,D (2110)-Domalchuk Jonasson,A (1997) Bogdanovich Memorial Qual 2 blitz 2021 (8)}) 11... b5 12. g4 h6 13. g5 hxg5 14. hxg5 Nh7 15. Nh3 Nxg5 16. e4 Nxh3+ 17. Bxh3 dxe4 18. Nxe4 Qxd4 19. Qf3 Bb7 20. Rd1 Ne5 21. Qe2 Qxe4 0-1

[Event "IV Niterói Chess Open 2024"]
[Site "Rio de Janeiro"]
[Date "2024.08.29"]
[Round "2"]
[Board "13"]
[White "Rangel, Daniel"]
[Black "Martins De Aguiar, Marina"]
[Result "1-0"]
[WhiteElo "2198"]
[BlackElo "1929"]
[Annotator "Chessbase"]
[PlyCount "31"]
[EventDate "2024.08.28"]
[EventRounds "7"]
[EventCountry "BRA"]

1. c4 Nf6 2. Nc3 g6 3. g3 Bg7 4. Bg2 O-O 5. e3 c6 6. Nge2 d5 7. cxd5 cxd5 8. d4 Be6 $146 ({RR} 8... b6 9. O-O Re8 10. Nf4 Bb7 11. b3 e6 12. Ba3 Nc6 13. Rc1 Rc8 14. Re1 Bf8 15. Bxf8 Rxf8 16. Bf1 Qe7 17. Qe2 Rfd8 18. Red1 Ne4 19. Qb2 Nxc3 20. Rxc3 Na5 21. Rdc1 Rxc3 22. Rxc3 Qd7 23. Nd3 {½-½ Mikenas,V-Tringov,G Sofia 1962 (5)}) ({RR} 8... e6 9. O-O b6 10. b3 Bb7 11. a4 Nc6 12. Ba3 Re8 13. Rc1 Bf8 14. Bxf8 Rxf8 15. h3 Qe7 16. Nf4 Rfd8 17. Qd2 Nb4 18. Nb5 Rd7 19. Rfd1 Ne4 20. Qb2 a6 21. Nc3 Nd6 22. Qa3 a5 23. Nd3 {0-1 Maghsoodloo,P (2676)-Fedoseev,V (2678) PNWCC Bullet (1+1) op blitz 2020}) ({RR} 8... b6 9. Nf4 Bb7 10. h4 h5 11. b3 Re8 12. O-O e6 13. a4 Nc6 14. Ba3 Bf8 15. Bxf8 Rxf8 16. Qd2 Qe7 17. Rfc1 Rfd8 18. Nd3 Rac8 19. Rab1 Ba6 20. Nf4 Bb7 21. Qb2 a5 22. Na2 Ba6 23. Rc3 {½-½ Korpa,B (2511)-Schreiner,P (2424) AUT-chT 2122 2021 (5.2)}) ({RR} 8... b6 9. O-O Bb7 10. b3 Nc6 11. Ba3 Re8 12. Rc1 Rc8 13. Nf4 e6 14. Nd3 Ba6 15. Re1 Rc7 16. f4 Qc8 17. Bd6 Rd7 18. Be5 Ng4 19. Bxg7 Kxg7 20. Bf1 f5 21. b4 Rc7 22. h3 Bxd3 23. Qxd3 {1-0 Kagan,S-Gelfer,I ISR-ch Israel 1967 (13)}) ({RR} 8... e6 9. O-O Bd7 10. b3 Na6 11. Bb2 Qe7 12. Qd2 Rfc8 13. Rfd1 Qd8 14. Nf4 Rc7 15. e4 dxe4 16. Nxe4 Nd5 17. Nxd5 exd5 18. Nc5 Bf5 19. Rac1 Rac8 {½-½ Radulov,I-Mista,L Reggio Emilia-11 1968/69 (4)}) 9. O-O Qc8 10. Nxd5 Bxd5 11. e4 Bc4 12. Re1 Rd8 13. Bg5 Qc7 14. Be3 Na6 15. Rc1 Bxe2 16. Rxe2 1-0

[Event "IV Niterói Chess Open 2024"]
[Site "Rio de Janeiro"]
[Date "2024.08.29"]
[Round "3"]
[Board "26"]
[White "Manzi, Luiz Antonio Bardaro"]
[Black "Fernandes, Marcio Rosa"]
[Result "1/2-1/2"]
[WhiteElo "1980"]
[BlackElo "1798"]
[Annotator "Chessbase"]
[PlyCount "114"]
[EventDate "2024.08.28"]
[EventRounds "7"]
[EventCountry "BRA"]

1. Nf3 d5 2. g3 Nc6 3. d4 g6 4. Bg2 Bg7 5. O-O Nf6 6. c4 O-O 7. cxd5 Nxd5 8. Nc3 Nxc3 9. bxc3 e5 10. e3 exd4 ({RR} 10... e4 11. Nd2 f5 12. Rb1 b6 13. f3 exf3 14. Nxf3 Bb7 15. c4 Na5 16. Qe2 Re8 17. Bb2 Bh6 18. Ne5 Bxg2 19. Kxg2 Bg7 20. Rbd1 c5 21. Qf3 Qe7 22. Qd5+ Qe6 23. dxc5 Bxe5 24. Bxe5 Nxc4 25. Bf4 {½-½ Oparin,G (2670)-Duda,J (2729) Titled Tue 31st Jan Late 2023 (10)}) ({RR} 10... Be6 11. Nd2 Rb8 12. a4 Na5 13. Ba3 Re8 14. Bb4 Nc4 15. Qc2 c6 16. Rfd1 Qc7 17. Bf1 Nxd2 18. Rxd2 b6 19. Rad1 c5 20. Ba3 cxd4 21. exd4 exd4 22. Rxd4 Bxd4 23. Rxd4 Rbd8 24. Rh4 Bf5 25. Qc1 {0-1 Wong Pages,J (2025)-Soto,M (2354) 17th American Cont Blitz 2024 (6.19)}) 11. cxd4 Nb4 $146 ({RR} 11... Re8 12. a4 Nb4 13. Ba3 Nd5 14. Nd2 h5 15. Qb3 Ne7 16. Rac1 c6 17. Ne4 Nf5 18. Nc5 Nd6 19. d5 b6 20. dxc6 bxc5 21. c7 Qxc7 22. Bxa8 Ba6 23. Rxc5 Qb6 24. Bd5 Qxb3 25. Bxb3 Bxf1 26. Kxf1 {1-0 Repina,V (2259)-Zaryvkina,A (2093) Moscow Petrosian Memorial U18 2009 (5)}) ({RR} 11... Be6 12. Ba3 Re8 13. Qd2 Bd5 14. Rfc1 Qf6 15. Ne1 Rad8 16. Rab1 Bxg2 17. Nxg2 Qg5 18. Qc3 Bxd4 19. exd4 Nxd4 20. Re1 Qf5 21. Kh1 Nb5 22. Qc5 Nxa3 23. Qxa3 Qxf2 24. Rf1 Qe2 25. Qb3 Qe6 26. Qxe6 {½-½ Chakurira,S-Cooper,P Wch U20 Adelaide 1988 (7)}) ({RR} 11... Qe7 12. Qa4 Rd8 13. Ba3 Qe8 14. Nd2 Rb8 15. Ne4 h5 16. Qc2 Bf5 17. Nf6+ Bxf6 18. Qxc6 Qxc6 19. Bxc6 {0-1 Heinecke,L (1964)-Cisneros,G Buenos Aires Duchamp op 1st 2011 (9)}) 12. Ba3 a5 13. Qd2 c5 14. Rac1 cxd4 15. exd4 Re8 16. Bxb4 axb4 17. Qxb4 Rxa2 18. Rfe1 Bg4 19. Ne5 Bxe5 20. dxe5 Qd2 21. Qxd2 Rxd2 22. Bxb7 Rb8 23. Rb1 Bf5 24. Be4 Rxb1 25. Bxb1 Bxb1 26. Rxb1 Rd5 27. Rb8+ Kg7 28. Re8 h5 29. h4 Ra5 30. Kg2 Ra7 31. Kf3 Ra2 32. Kg2 Ra7 33. Kh3 Ra3 34. e6 fxe6 35. Rxe6 Ra7 36. Rb6 Rc7 37. Rb5 Ra7 38. f4 Kf6 39. Rg5 Ra3 40. Rb5 Ra7 41. Rb8 Ra3 42. Rb6+ Kg7 43. Rb2 Kf6 44. Kg2 Kf5 45. Rb6 Ra2+ 46. Kh3 Ra3 47. Rb5+ Kf6 48. Rg5 Rc3 49. Kg2 Ra3 50. f5 Ra2+ 51. Kh3 gxf5 52. Rxh5 Ra3 53. Rh8 Kg7 54. Rh5 f4 55. Kg4 fxg3 56. Kh3 Kg6 57. Rg5+ Kh6 1/2-1/2

[Event "IV Niterói Chess Open 2024"]
[Site "Rio de Janeiro"]
[Date "2024.08.29"]
[Round "3"]
[Board "37"]
[White "Rodrigues, Nei Jorge"]
[Black "Vieira, Luana Saddi"]
[Result "1-0"]
[WhiteElo "1933"]
[BlackElo "1705"]
[Annotator "Chessbase"]
[PlyCount "61"]
[EventDate "2024.08.28"]
[EventRounds "7"]
[EventCountry "BRA"]

1. Nf3 Nf6 2. g3 g6 3. Bg2 Bg7 4. O-O d5 5. d4 O-O 6. c4 e6 7. Nc3 a6 ({RR} 7... Na6 8. h4 c5 9. cxd5 Nxd5 10. Nxd5 exd5 11. dxc5 Nxc5 12. Be3 Ne6 13. Nd4 Qf6 14. Nxe6 Bxe6 15. Qd2 Rfe8 16. b3 a5 17. Rac1 a4 18. Qb4 Qb2 19. Bf3 a3 20. Rfd1 Qxa2 21. Rd2 Qb2 22. Rdc2 {0-1 Victor,J (2289)-Matnadze Bujiashvili,A (2362) WWRR IM 2024 (4.2)}) ({RR} 7... c5 8. dxc5 Qa5 9. cxd5 Rd8 10. e4 exd5 11. exd5 Na6 12. Bg5 Nxc5 13. Nd2 Bf5 14. Nb3 Nxb3 15. Qxb3 h6 16. Bf4 Rd7 17. Rfd1 Rc8 18. h3 h5 19. Rac1 a6 20. a4 Kh7 21. Be3 Qd8 22. Bb6 {1-0 Rodrigues,N (1976)-De Albuquerque,I (1681) Rio de Janeiro Andrade Memorial 2nd 2018 (6)}) 8. c5 ({RR} 8. Ne5 c6 9. Qd3 b5 10. cxd5 exd5 11. Bg5 h6 12. Bd2 Nfd7 13. f4 Bb7 14. e3 Nb6 15. Rfc1 {½-½ Andersson,U (2640)-Kamsky,G (2640) Reggio Emilia Top16 33rd 1991}) 8... b6 $146 ({RR} 8... Nc6 9. Rb1 Re8 10. Bf4 Nh5 11. Bg5 Bf6 12. Bxf6 Qxf6 13. e3 Bd7 14. b4 Na7 15. a4 Rad8 16. Ne5 Qg7 17. b5 axb5 18. axb5 f6 19. Nxd7 Qxd7 20. Qb3 Nc8 21. Rfc1 c6 22. Na4 e5 23. bxc6 {1-0 Tan Zhongyi (2530)-Dedona,M (1662) Titled Tue 10th Jan Late 2023 (2)}) 9. b4 a5 10. cxb6 axb4 11. bxc7 Qxc7 12. Na4 Nbd7 13. a3 Ba6 14. axb4 Qc4 15. Nc5 Nxc5 16. bxc5 Qxe2 17. Qxe2 Bxe2 18. Rxa8 Rxa8 19. Re1 Bxf3 20. Bxf3 Ra4 21. Be3 Ne8 22. Rd1 Nc7 23. Be2 Kf8 24. Rb1 Ke7 25. Rb7 Kd8 26. Bf4 e5 27. dxe5 Re4 28. Kf1 Kc8 29. c6 g5 30. Bg4+ Ne6 31. Rxf7 1-0

[Event "IV Niterói Chess Open 2024"]
[Site "Rio de Janeiro"]
[Date "2024.08.31"]
[Round "5"]
[Board "14"]
[White "Azevedo Junior, Jose Ferreira"]
[Black "Fernandes, Felipe Gambini"]
[Result "1-0"]
[WhiteElo "2057"]
[BlackElo "1852"]
[Annotator "Chessbase"]
[PlyCount "103"]
[EventDate "2024.08.28"]
[EventRounds "7"]
[EventCountry "BRA"]

1. Nf3 d5 2. d4 Nf6 3. g3 g6 4. Bg2 Bg7 5. O-O O-O 6. c4 c6 7. Nc3 Bg4 8. Qb3 Qb6 9. Qxb6 axb6 10. cxd5 cxd5 11. Ne5 ({RR} 11. Bg5 Be6 12. Nb5 Na6 13. a3 Rfc8 14. Rac1 Kf8 15. Bd2 Ne4 16. Bf4 Rc6 17. h4 Rac8 18. Ne5 Rxc1 19. Rxc1 Rxc1+ 20. Bxc1 Bxe5 21. dxe5 Nec5 22. Nd4 Ke8 23. b4 Nd7 24. Nxe6 fxe6 25. f4 Nc7 {0-1 Aranda,J (2102)-Jarocka,L (2200) Titled Tue 5th Mar Late 2024 (7)}) 11... Be6 12. Be3 $146 ({RR} 12. Bg5 Nc6 13. Nb5 Rfc8 14. Rfc1 Ne4 15. Bf4 Bxe5 16. dxe5 Nc5 17. Rd1 Ra5 18. Nc3 d4 19. Nd5 Nd7 20. e4 dxe3 21. Bxe3 Bxd5 22. Rxd5 Ndxe5 23. Bxb6 Rxd5 24. Bxd5 e6 25. Bb3 Kf8 26. Rd1 Ke8 {1-0 Lamper,V (1920)-Macalka,F (1685) Ostrava Konik op-B 2007 (6)}) ({RR} 12. Bg5 Rd8 13. Nb5 Na6 14. Rfc1 Rac8 15. Rc3 Rxc3 16. bxc3 Rc8 17. c4 Rd8 18. Rb1 h6 19. Be3 Ne4 20. Nd3 Nd6 21. cxd5 Bf5 22. Nxd6 Rxd6 23. Bf4 Bxd3 24. exd3 Rf6 25. Be5 Rf5 26. Be4 Bxe5 {1-0 Alves,D (1760)-De Carvalho,A (1192) Sao Jose dos Campos op 3rd 2021 (1)}) 12... Nc6 13. Rfd1 Ra5 14. Rac1 b5 15. a3 Rd8 16. h3 Ne8 17. f4 Nc7 18. Na2 Bxe5 19. dxe5 Rd7 20. Bb6 Ra6 21. Bxc7 Rxc7 22. Nb4 Ra8 23. Nxd5 Bxd5 24. Rxd5 b4 25. axb4 Rcc8 26. Rdc5 Rd8 27. Bxc6 bxc6 28. Rxc6 Rab8 29. R6c4 Kg7 30. R1c2 e6 31. Kf2 h5 32. Ke3 Rd1 33. Rd2 Rg1 34. Kf2 Rb1 35. Rc7 h4 36. Rdd7 hxg3+ 37. Kxg3 Rxb2 38. Rxf7+ Kg8 39. Rg7+ Kf8 40. Rcf7+ Ke8 41. Rg8+ Kxf7 42. Rxb8 Rxe2 43. Rb7+ Kf8 44. b5 g5 45. fxg5 Rxe5 46. h4 Re4 47. h5 Re3+ 48. Kf4 Rh3 49. h6 Kg8 50. b6 Rh4+ 51. Ke5 Rg4 52. Kf6 1-0

[Event "IV Niterói Chess Open 2024"]
[Site "Rio de Janeiro"]
[Date "2024.08.31"]
[Round "6"]
[White "Oliveira, Tiago Batista"]
[Black "Mantelato, Davi Natali"]
[Result "1-0"]
[WhiteElo "1982"]
[BlackElo "1768"]
[Annotator "Chessbase"]
[PlyCount "113"]
[EventDate "2024.08.28"]
[EventRounds "7"]
[EventCountry "BRA"]

1. d4 Nf6 2. c4 g6 3. Nc3 d5 4. cxd5 Nxd5 5. e4 Nxc3 6. bxc3 Bg7 7. Be3 c5 8. Rc1 Qa5 9. Qd2 O-O 10. Nf3 Nc6 11. d5 Rd8 12. Bd3 Ne5 13. Nxe5 Bxe5 14. f4 Bg7 15. c4 Qc7 16. O-O e6 17. Qf2 b6 18. f5 exf5 19. exf5 Qe5 $146 ({RR} 19... Re8 20. f6 Bf8 21. Bf4 Bd6 22. Qg3 Bxf4 23. Rxf4 Bd7 24. Rcf1 Re5 25. Re4 Rae8 26. Rfe1 Rxe4 27. Qxc7 Rxe1+ 28. Kf2 Bf5 29. Bxf5 R1e2+ 30. Kf3 R8e3+ 31. Kg4 gxf5+ 32. Kh5 {1-0 Snehal,B (2056)-Purushothaman,T (2290) Mumbai Mayors Cup 1st 2008 (6)}) 20. fxg6 fxg6 21. Qf7+ Kh8 22. Rce1 Ba6 23. Bxc5 Qc3 24. Be7 Rg8 25. Bf6 Bxf6 26. Qxf6+ Qxf6 27. Rxf6 Kg7 28. Rc6 Rgf8 29. Re7+ Kh6 30. Rcc7 Rad8 31. h4 Kh5 32. g3 Kg4 33. Kg2 Rde8 34. Rxa7 Rxe7 35. Rxe7 Rc8 36. Re4+ Kh5 37. Be2+ Kh6 38. Kf2 Ra8 39. g4 Ra7 40. g5+ Kg7 41. Bg4 Rf7+ 42. Ke3 Bb7 43. Kd4 Kf8 44. Ke5 Re7+ 45. Be6 Ke8 46. Kf6 Kf8 47. Rd4 Re8 48. Rf4 Bc8 49. Ke5+ Kg7 50. Rf7+ Kh8 51. Ra7 b5 52. cxb5 h5 53. Ra8 Kg7 54. Rxc8 Re7 55. d6 Rb7 56. Rc7+ Rxc7 57. dxc7 1-0

[Event "IV Niterói Chess Open 2024"]
[Site "Rio de Janeiro"]
[Date "2024.08.29"]
[Round "2"]
[Board "37"]
[White "Mattos, Bernardo Cunha"]
[Black "Ramos, Angelo Bil"]
[Result "1/2-1/2"]
[WhiteElo "1719"]
[BlackElo "1957"]
[Annotator "Chessbase"]
[PlyCount "116"]
[EventDate "2024.08.28"]
[EventRounds "7"]
[EventCountry "BRA"]

1. c4 Nf6 2. Nc3 d5 3. cxd5 Nxd5 4. Nf3 g6 5. e4 Nxc3 6. bxc3 Bg7 7. d4 c5 8. Rb1 O-O 9. Be2 Nd7 10. O-O b6 11. Qd3 ({RR} 11. Re1 Nf6 12. Bd3 cxd4 13. cxd4 Bb7 14. d5 Nd7 15. Bg5 h6 16. Bh4 Rc8 17. Bb5 Nf6 18. Nd4 Nxe4 19. Nc6 Bxc6 20. Bxc6 Nf6 21. Qf3 Qd6 22. Bg3 Qd8 23. Rbd1 Kh7 24. d6 e5 25. d7 Rxc6 {1-0 Kramnik,V (2751)-Dlugy,M (2531) Internet Chess Club m2 g/5' blitz 1999}) ({RR} 11. Bd3 Bb7 12. Qe2 e5 13. d5 Nf6 14. c4 Ne8 15. Bb2 Qe7 16. a4 Nd6 17. a5 Ba6 18. Bc3 Rab8 19. axb6 axb6 20. Qa2 Ra8 21. Qb3 Rfb8 22. Ra1 Bf6 23. Ra3 b5 24. Qa2 bxc4 25. Rxa6 Rxa6 {0-1 Hernando Rodrigo,J (2240)-Cruz,J (2328) 17th Vila de Canovelles 2023 (4.4)}) 11... Qc7 $146 ({RR} 11... e6 12. e5 Bb7 13. Ng5 cxd4 14. cxd4 Bd5 15. Qh3 h6 16. Nf3 Kh7 17. g4 Rh8 18. Bd3 Bxa2 19. Ra1 Bd5 20. g5 h5 21. Qxh5+ Kg8 22. Qg4 Qc7 23. Bd2 Qc6 24. Nh4 Bxe5 25. Rfc1 Qd6 26. dxe5 {0-1 Rubingh,O-Vanheste,J (2370) Dieren op 1990 (3)}) ({RR} 11... cxd4 12. cxd4 Nf6 13. Ba3 Re8 14. Qe3 e6 15. Ne5 Bb7 16. f3 a6 17. Rfd1 b5 18. Nc4 Bxe4 19. fxe4 bxc4 20. Bb2 Rc8 21. Rdc1 Qd7 22. Rxc4 Rxc4 23. Bxc4 Ng4 24. Qd3 Rd8 25. Bxa6 Bxd4+ 26. Bxd4 {½-½ Jelen,I (2430)-Rogulj,B (2430) Dresden zt 1.2 1998 (4)}) ({RR} 11... Nf6 12. Ba3 Qc7 13. e5 Bf5 14. Qd2 Ne4 15. Qe3 cxd4 16. cxd4 Nc3 17. Rbc1 Nxe2+ 18. Qxe2 Qb7 19. Rc3 Rfc8 20. Rfc1 Bh6 21. Rxc8+ Rxc8 22. Rxc8+ Bxc8 23. Qb5 Bd7 24. Qb4 Bf8 25. Bc1 Bc6 26. Qc3 {0-1 Siva,M (2298)-Deepan Chakkravarthy,J (2557) Goa op 2nd Taleigao 2019 (2)}) 12. Bg5 Re8 13. h4 Bb7 14. d5 Ne5 15. Qd2 Nxf3+ 16. Bxf3 Qe5 17. c4 Qc3 18. Qxc3 Bxc3 19. Bd1 f6 20. Be3 Ba6 21. Rc1 Bb2 22. Rc2 Be5 23. f4 Bd6 24. Bg4 Bc8 25. Bxc8 Raxc8 26. Rd1 Rcd8 27. Kf2 Kf7 28. a4 Rb8 29. Kf3 h5 30. Bf2 a5 31. Bg3 Rb7 32. e5 Bb8 33. Re2 f5 34. Rb2 Bc7 35. Bf2 Rbb8 36. Ke3 Kg8 37. Be1 Ra8 38. Bc3 Ra7 39. Kf3 e6 40. Rbd2 Kf7 41. Kf2 Raa8 42. Rb1 Ra7 43. Rd3 Bd8 44. Kg3 Ke7 45. dxe6 Bc7 46. Rbd1 Kxe6 47. Kh3 Raa8 48. Rg3 Rg8 49. Rd5 Rad8 50. Rgd3 Ke7 51. Kg3 Rge8 52. Kf3 Rg8 53. Re3 Ke6 54. Red3 Ke7 55. Ke2 Rge8 56. Kf2 Rg8 57. Rg3 Ke6 58. Rgd3 Ke7 1/2-1/2

[Event "IV Niterói Chess Open 2024"]
[Site "Rio de Janeiro"]
[Date "2024.08.29"]
[Round "2"]
[Board "46"]
[White "Oliveira, Israel Flavio Feliciano"]
[Black "Cardoso, Rafaela Martins"]
[Result "1-0"]
[WhiteElo "1839"]
[BlackElo "1657"]
[Annotator "Chessbase"]
[PlyCount "39"]
[EventDate "2024.08.28"]
[EventRounds "7"]
[EventCountry "BRA"]

1. d4 Nf6 2. c4 g6 3. Nc3 d5 4. cxd5 Nxd5 5. e4 Nxc3 6. bxc3 Bg7 7. Bc4 c5 8. Ne2 O-O 9. O-O Nd7 10. Be3 Qa5 ({RR} 10... Nb6 11. Bb3 cxd4 12. cxd4 Bg4 13. f3 Bd7 14. a4 e6 15. Qd2 Rc8 16. Qa2 Qe7 17. a5 Na8 18. Ba4 Nc7 19. Rab1 Bxa4 20. Qxa4 Na6 21. Rb5 Rc7 22. Qb3 Nb8 23. Rb1 b6 24. axb6 axb6 25. Rxb6 {½-½ Dlugy,M (2525)-Kortschnoj,V (2625) Hoogovens Wijk aan Zee 1990 (7)}) ({RR} 10... e6 11. f3 Qe7 12. Rb1 Rd8 13. Qb3 cxd4 14. cxd4 Nb6 15. Bb5 Bd7 16. Bxd7 Rxd7 17. Rfc1 Nc8 18. Rc2 Nd6 19. Rbc1 b5 20. a4 a6 21. axb5 Nxb5 22. Rc8+ Rxc8 23. Rxc8+ Rd8 24. Qc4 Qd7 25. Rxd8+ {0-1 Jiang,L-Tian,J (1925) ch-CHN GpB Men 2023 (4.21)}) 11. a4 Nf6 $146 ({RR} 11... Nb6 12. Bb3 Rd8 13. Qc1 c4 14. Bc2 Bd7 15. Qa3 Bf8 16. Qc5 Qa6 17. a5 Nc8 18. Qg5 Nd6 19. f4 Ne8 20. f5 Qf6 21. fxg6 Qxg6 22. Qh4 Qg4 23. Qf2 f5 24. exf5 Nf6 25. h3 Qh5 26. Nf4 {1-0 Wong,F-Campbell,G Battle of Alberta 1998 (2)}) ({RR} 11... Nb6 12. Bb3 cxd4 13. cxd4 Bd7 14. Bd2 Qa6 15. Bb4 Rfc8 16. Bxe7 Re8 17. Bc5 Rxe4 18. Nc3 Rh4 19. Re1 Be6 20. Nb5 Nd5 21. Rc1 Qa5 22. Qf3 a6 23. Nd6 Rf4 24. Qd3 Rg4 25. Rxe6 fxe6 26. Bxd5 {1-0 Dreev,A (2610)-Fernandez Aguado,J (2285) URS-ESP mT Logrono 1991}) ({RR} 11... e6 12. Qb3 cxd4 13. cxd4 e5 14. d5 Nc5 15. Qc2 Bd7 16. Bb5 Rfc8 17. Qb1 Qd8 18. Rc1 {½-½ Schmidt,W (2505)-Ghinda,M (2425) Baile Herculane Zonal 1982 (14)}) 12. f3 cxd4 13. cxd4 Rd8 14. Qb3 e6 15. Rfd1 a6 16. d5 exd5 17. Bb6 dxc4 18. Rxd8+ Bf8 19. Rxf8+ Kg7 20. Rxf7+ 1-0

[Event "IV Niterói Chess Open 2024"]
[Site "Rio de Janeiro"]
[Date "2024.08.30"]
[Round "4"]
[Board "43"]
[White "Ramos, Angelo Bil"]
[Black "Lourenco, Valerio Dos Santos"]
[Result "0-1"]
[WhiteElo "1957"]
[BlackElo "1731"]
[Annotator "Chessbase"]
[PlyCount "114"]
[EventDate "2024.08.28"]
[EventRounds "7"]
[EventCountry "BRA"]

1. d4 {ChessBase II} Nf6 2. c4 g6 3. Nc3 d5 4. Nf3 Bg7 5. Bg5 O-O 6. Bxf6 Bxf6 7. Nxd5 ({RR} 7. cxd5 c6 8. dxc6 Nxc6 9. e3 Bg4 10. Be2 Qb6 11. Rb1 Rfd8 12. O-O e5 13. d5 Ne7 14. e4 Bxf3 15. Bxf3 Nc8 16. Qd3 Nd6 17. Rfc1 Rac8 18. Rc2 Bg5 19. g3 h5 20. h4 Bh6 21. Bg2 Rc4 {1-0 Dubov,D (2708)-Priasmoro,N (2507) Titled Tue 31st Jan Early 2023 (1)}) 7... Bg7 8. e3 c6 ({RR} 8... e6 9. Nc3 c5 10. d5 Qa5 11. Qd2 exd5 12. Nxd5 Qxd2+ 13. Nxd2 Nc6 14. O-O-O Be6 15. Ne4 Bxd5 16. cxd5 Nb4 17. a3 Na6 18. Bc4 Rab8 19. d6 b5 20. Bd5 Rfd8 21. Rd2 Kf8 22. Rhd1 f5 23. Ng5 {½-½ Martin,S (1970)-Ivanov,A (2012) Titled Tue 18th Jun Early 2024 (6)}) 9. Nc3 c5 $146 ({RR} 9... Qb6 10. Qb3 Qc7 11. Be2 Bg4 12. h3 Bxf3 13. Bxf3 Nd7 14. O-O b6 15. Qa4 Rfc8 16. b4 Rab8 17. b5 c5 18. Nd5 Qd8 19. Rad1 e6 20. Nf4 Qc7 21. Bc6 Nf8 22. d5 e5 23. d6 Qd8 24. d7 {1-0 Reviakov,N (1309)-Tetyuev,S Gelendzhik op 11th 2015 (5)}) ({RR} 9... Bg4 10. Be2 Qc7 11. O-O Nd7 12. Qc2 Nb6 13. c5 Nd5 14. h3 Bf5 15. Bd3 Nb4 16. Qd2 Bxd3 17. Rfd1 Ba6 18. e4 b6 19. Ne1 bxc5 20. a3 cxd4 21. Na4 Nd5 22. exd5 cxd5 23. Rac1 Qd6 24. Nc5 {1-0 Schindzielorz,S-Koellmer,H Hassloch op-B 1997 (4)}) ({RR} 9... Bg4 10. Be2 Nd7 11. O-O e5 12. Nxe5 Bxe2 13. Qxe2 Nxe5 14. dxe5 Bxe5 15. Rfd1 Qc7 16. g3 Bxc3 17. bxc3 Qa5 18. Qb2 Qc7 19. Rd4 Rfe8 20. Rad1 Re7 21. Qd2 Rae8 22. Rd7 Rxd7 23. Qxd7 Qxd7 24. Rxd7 {1-0 Schmidt,J (2089)-Morosova,S (1652) GER-chT Federal Cup (Women) 2013 (4.3)}) 10. Rc1 cxd4 11. Nxd4 Qb6 12. Nb3 Rd8 13. Qf3 a5 14. Nd5 Qd6 15. Rd1 Bxb2 16. Nf6+ Bxf6 17. Rxd6 Rxd6 18. Be2 Bc3+ 19. Kf1 Nc6 20. g3 Bh3+ 21. Kg1 h5 22. Qe4 Bf5 23. Qg2 Rad8 24. f3 Bb1 25. Kf2 Bxa2 26. Nc5 Rd2 27. Ne4 Rc2 28. Nxc3 Rxc3 29. Rd1 Rxd1 30. Bxd1 Bxc4 31. Qh3 e6 32. Qh4 b5 33. Qe4 Bd5 34. Qb1 b4 35. Ba4 Ne5 36. e4 Rxf3+ 37. Kg2 Bc4 38. Qa1 Rc3 39. Bd1 Nc6 40. Kf2 Bb3 41. Bxb3 Rxb3 42. Ke2 Ra3 43. Qb2 Rb3 44. Qa2 Rc3 45. Kd2 Nd4 46. Kd1 Rd3+ 47. Ke1 Nb3 48. Qa4 Rc3 49. e5 Kg7 50. Qd7 Rc1+ 51. Kf2 Nc5 52. Qd4 b3 53. Qh4 Nd3+ 54. Kg2 Nxe5 55. Qd4 f6 56. Qa7+ Nf7 57. Kh3 Rc2 0-1